[Event "Wch U14 Girls"]
[Site "Montesilvano"]
[Date "2023.11.24"]
[Round "11"]
[White "Khamdamova, Afruza"]
[Black "Mgeladze, Kesaria"]
[Result "1-0"]
[WhiteElo "2199"]
[BlackElo "2065"]
[PlyCount "69"]
[EventDate "2023.11.13"]
[EventType "swiss"]
[EventRounds "11"]
[EventCountry "ITA"]
[SourceTitle "CB48_2023"]
[SourceDate "2023.11.29"]
[SourceVersion "1"]
[SourceVersionDate "2023.11.29"]
[SourceQuality "1"]

1. e4 c5 2. Nf3 Nc6 3. d4 cxd4 4. Nxd4 g6 5. Nc3 Bg7 6. Be3 Nf6 7. Bc4 Qa5 8. 0-0 0-0 9. h3 d6 10. Bb3 Bd7 11. Re1 Rfe8 12. Nf3 Rac8 13. Qe2 Nd8 14. Bd2 Qb6 15. Rad1 Be6 16. Nd5 Nxd5 17. exd5 Bd7 18. Be3 Qc7 19. c3 b6 20. Bd4 Nb7 21. Bxg7 Kxg7 22. Qd2 Na5 23. Qd4+ Kg8 24. Qh4 Kg7 25. Rxe7 Rxe7 26. Qxe7 Re8 27. Qh4 Nxb3 28. axb3 Bf5 29. Nd4 Bd7 30. Qf4 Re5 31. Nf3 Re8 32. Nd2 Re2 33. Nc4 Qc5 34. Nxd6 f6 35. b4 1-0

[Event "Wch U14 Girls blitz"]
[Site "Batumi"]
[Date "2023.06.11"]
[Round "8"]
[White "Zubkovskaya, Ekaterina"]
[Black "Mgeladze, Kesaria"]
[Result "1-0"]
[WhiteElo "1420"]
[BlackElo "1712"]
[PlyCount "80"]
[EventDate "2023.06.10"]
[EventType "swiss (blitz)"]
[EventRounds "11"]
[EventCountry "GEO"]
[SourceTitle "EXT 2024"]
[Source "ChessBase"]
[SourceDate "2023.10.10"]
[SourceVersion "1"]
[SourceVersionDate "2023.10.10"]
[SourceQuality "1"]
[WhiteTeam "FIDE"]
[BlackTeam "Georgia"]
[BlackTeamCountry "GEO"]

1. e4 c5 2. c3 Nf6 3. e5 Nd5 4. d4 cxd4 5. Qxd4 e6 6. Bd3 Nc6 7. Qe4 d6 8. exd6 Bxd6 9. Nf3 f5 10. Qe2 0-0 11. 0-0 Qf6 12. Bc4 Nce7 13. Re1 h6 14. Bxd5 Nxd5 15. c4 Nf4 16. Bxf4 Bxf4 17. Nc3 Bd7 18. Ne5 Bxe5 19. Qxe5 Rae8 20. Rad1 Bc6 21. b4 Qg5 22. Qg3 Qf6 23. Qe5 b6 24. b5 Ba8 25. Rd7 Qg5 26. Qg3 Rd8 27. Qxg5 hxg5 28. Rxa7 Rfe8 29. Ra6 Rb8 30. Na4 Bb7 31. Rxb6 Ra8 32. Nc5 Bc8 33. a4 e5 34. Rd6 f4 35. f3 Bf5 36. Rd5 Bc2 37. Rdxe5 Rec8 38. Ne6 Rxa4 39. Rxg5 g6 40. c5 Bf5 1-0

[Event "EU-ch U12 Girls 30th"]
[Site "Antalya"]
[Date "2022.11.10"]
[Round "5"]
[White "Bashirli, Saadat"]
[Black "Mgeladze, Kesaria"]
[Result "1/2-1/2"]
[WhiteElo "1541"]
[BlackElo "1763"]
[PlyCount "73"]
[EventDate "2022.11.06"]
[EventType "swiss"]
[EventRounds "9"]
[EventCountry "TUR"]
[SourceTitle "CBM 211 Extra"]
[Source "ChessBase"]
[SourceDate "2023.01.31"]
[SourceVersion "1"]
[SourceVersionDate "2023.01.31"]
[SourceQuality "1"]

1. d4 Nf6 2. c4 c5 3. d5 b5 4. cxb5 a6 5. bxa6 g6 6. Nc3 Bxa6 7. e4 Bxf1 8. Kxf1 d6 9. Nf3 Nbd7 10. g3 Bg7 11. Kg2 0-0 12. h3 Qa5 13. Be3 Rfb8 14. Rb1 Ne8 15. Bd2 Nb6 16. Qe2 Qa6 17. Qxa6 Rxa6 18. b3 Bxc3 19. Bxc3 Rxa2 20. Ra1 Rba8 21. Rxa2 Rxa2 22. Ra1 Rxa1 23. Bxa1 Nc7 24. Nd2 Nb5 25. Kf1 f5 26. f3 Kf7 27. Ke2 fxe4 28. fxe4 e6 29. dxe6+ Kxe6 30. Kd3 Na7 31. Nf3 h5 32. g4 hxg4 33. hxg4 Nc6 34. Bc3 Nd7 35. Ng5+ Ke7 36. Nf3 Ke6 37. Ng5+ 1/2-1/2

[Event "EU-ch U12 Girls 30th"]
[Site "Antalya"]
[Date "2022.11.07"]
[Round "2"]
[White "Mgeladze, Kesaria"]
[Black "Kontogianni, Vasiliki"]
[Result "1-0"]
[WhiteElo "1763"]
[BlackElo "1438"]
[PlyCount "121"]
[EventDate "2022.11.06"]
[EventType "swiss"]
[EventRounds "9"]
[EventCountry "TUR"]
[SourceTitle "CBM 211 Extra"]
[Source "ChessBase"]
[SourceDate "2023.01.31"]
[SourceVersion "1"]
[SourceVersionDate "2023.01.31"]
[SourceQuality "1"]

1. e4 c5 2. Nf3 d6 3. d4 cxd4 4. Nxd4 Nf6 5. Nc3 a6 6. f3 e5 7. Nb3 Be6 8. Be3 h5 9. Nd5 Bxd5 10. exd5 Nbd7 11. Qd2 g6 12. 0-0-0 b5 13. Bg5 Bg7 14. Kb1 0-0 15. Na5 Nb6 16. Nc6 Qc7 17. Bxf6 Bxf6 18. Bd3 Rac8 19. Be4 Nc4 20. Qd3 Bg7 21. g4 hxg4 22. fxg4 Bh6 23. h4 Bf4 24. g5 Kg7 25. h5 Rh8 26. hxg6 Nd2+ 27. Ka1 Nxe4 28. Qxe4 fxg6 29. Nd4 Qc4 30. Ne6+ Kf7 31. Qg2 Qxc2 32. Qxc2 Rxh1 33. Nd8+ Kg7 34. Ne6+ Kf7 35. Nd8+ Kg7 36. Nc6 Rxd1+ 37. Qxd1 Bxg5 38. Qg4 Rf8 39. a4 Rf5 40. axb5 axb5 41. Qb4 Rf6 42. Qxb5 Bh4 43. Nd8 g5 44. Ne6+ Kg6 45. Qe8+ Kf5 46. Qe7 Bf2 47. Ng7+ Kg6 48. Ne8 Rf4 49. Qxd6+ Kf5 50. Qe6+ Ke4 51. Nf6+ Kf3 52. Qxe5 Bd4 53. Qxg5 Bxf6 54. Qg6 Ke3 55. d6 Rf2 56. Qg3+ Ke2 57. d7 Ke1 58. Qe3+ Re2 59. Qc1+ Kf2 60. Qf4+ Ke1 61. Qxf6 1-0

[Event "Wch U12 Girls"]
[Site "Batumi"]
[Date "2022.09.27"]
[Round "11"]
[White "Yousefian, Maedeh"]
[Black "Mgeladze, Kesaria"]
[Result "1-0"]
[WhiteElo "1765"]
[BlackElo "1771"]
[PlyCount "125"]
[EventDate "2022.09.16"]
[EventType "swiss"]
[EventRounds "11"]
[EventCountry "GEO"]
[SourceTitle "EXT 2023"]
[Source "ChessBase"]
[SourceDate "2022.10.05"]
[SourceVersion "1"]
[SourceVersionDate "2022.10.05"]
[SourceQuality "1"]

1. e4 c5 2. c3 d5 3. exd5 Qxd5 4. d4 g6 5. Nf3 Bg7 6. Be2 cxd4 7. cxd4 Nf6 8. Nc3 Qd8 9. 0-0 0-0 10. h3 Be6 11. Ne5 Nc6 12. Nxc6 bxc6 13. Bf3 Bd5 14. Be3 Rb8 15. b3 Bxf3 16. Qxf3 Nd5 17. Rac1 Rc8 18. Nxd5 Qxd5 19. Qxd5 cxd5 20. Rfd1 f5 21. f4 Rxc1 22. Rxc1 Rf6 23. Kf2 Ra6 24. Rc2 Kf7 25. Ke2 Ke6 26. Kd3 Kd6 27. Bd2 Kd7 28. a4 Rb6 29. b4 Ra6 30. Ra2 Rc6 31. Bc3 h6 32. b5 Rc4 33. a5 Kc7 34. g4 fxg4 35. hxg4 g5 36. Re2 Bf6 37. f5 Kb7 38. Rb2 Rc8 39. Rh2 Bg7 40. Bb4 Rc7 41. Bc5 a6 42. Re2 Bf6 43. Re6 axb5 44. a6+ Ka8 45. Rb6 Rc8 46. Rxb5 Rh8 47. a7 h5 48. gxh5 g4 49. Rb1 g3 50. Ke3 Rg8 51. Kf3 g2 52. Rg1 Rg5 53. Rxg2 Rxf5+ 54. Ke3 Rg5 55. Rxg5 Bxg5+ 56. Kf3 Bh6 57. Bxe7 Kxa7 58. Bf6 Kb7 59. Kg4 Kc6 60. Kf5 Kd6 61. Kg6 Ke6 62. Be5 Be3 63. h6 1-0

[Event "Wch U12 Girls"]
[Site "Batumi"]
[Date "2022.09.25"]
[Round "9"]
[White "Mgeladze, Kesaria"]
[Black "Shubhi, Gupta"]
[Result "0-1"]
[WhiteElo "1771"]
[BlackElo "1733"]
[PlyCount "78"]
[EventDate "2022.09.16"]
[EventType "swiss"]
[EventRounds "11"]
[EventCountry "GEO"]
[SourceTitle "EXT 2023"]
[Source "ChessBase"]
[SourceDate "2022.10.05"]
[SourceVersion "1"]
[SourceVersionDate "2022.10.05"]
[SourceQuality "1"]

1. e4 e5 2. Nf3 Nc6 3. d4 exd4 4. Nxd4 Bc5 5. Nb3 Bb6 6. Qe2 d6 7. Be3 Nf6 8. Nc3 0-0 9. 0-0-0 Re8 10. f3 Ne5 11. Qd2 Bxe3 12. Qxe3 a5 13. a3 Qe7 14. h3 c6 15. g4 b5 16. g5 Nfd7 17. f4 b4 18. Nb1 Ng6 19. Bd3 c5 20. Qg3 Nb6 21. N3d2 Ba6 22. Bxa6 Rxa6 23. h4 c4 24. h5 Nf8 25. c3 Ne6 26. axb4 axb4 27. cxb4 Qa7 28. h6 Nd4 29. Rh2 Ra1 30. hxg7 c3 31. Qh3 cxd2+ 32. Kxd2 Nc4+ 33. Kc1 Ne2+ 34. Rxe2 Qa2 35. Qd3 Rc8 36. Qc2 Rxb1+ 37. Qxb1 Na3+ 38. Qc2 Rxc2+ 39. Rxc2 Qb1+ 0-1

[Event "Wch U12 Girls"]
[Site "Batumi"]
[Date "2022.09.24"]
[Round "8"]
[White "Ismayilova, Khanim"]
[Black "Mgeladze, Kesaria"]
[Result "1/2-1/2"]
[WhiteElo "1901"]
[BlackElo "1771"]
[PlyCount "169"]
[EventDate "2022.09.16"]
[EventType "swiss"]
[EventRounds "11"]
[EventCountry "GEO"]
[SourceTitle "EXT 2023"]
[Source "ChessBase"]
[SourceDate "2022.10.05"]
[SourceVersion "1"]
[SourceVersionDate "2022.10.05"]
[SourceQuality "1"]

1. e4 c5 2. c4 Nc6 3. Nc3 g6 4. g3 Bg7 5. Bg2 Rb8 6. Nge2 a6 7. a4 d6 8. 0-0 Bg4 9. d3 Bxe2 10. Qxe2 e6 11. Be3 Nge7 12. Qd2 0-0 13. Bh6 Nd4 14. Bxg7 Kxg7 15. Ne2 Nec6 16. Nxd4 Nxd4 17. b4 e5 18. Rab1 cxb4 19. Rxb4 b5 20. axb5 axb5 21. Rfb1 Qa5 22. Qb2 bxc4 23. dxc4 Rxb4 24. Qxb4 Qxb4 25. Rxb4 Kf6 26. Rb6 Ke7 27. Rb7+ Kf6 28. Rd7 Rc8 29. Rxd6+ Ke7 30. Rd5 Rxc4 31. Rxe5+ Kf6 32. Rd5 Ne2+ 33. Kf1 Nc3 34. Rd6+ Ke5 35. Rd7 Kf6 36. e5+ Kxe5 37. Rxf7 h6 38. Bh3 Nd5 39. Rd7 Rc5 40. f4+ Nxf4 41. gxf4+ Kxf4 42. Rd2 g5 43. Rf2+ Ke3 44. Bg4 Rc4 45. h3 Rf4 46. Rxf4 Kxf4 47. Kf2 Ke5 48. Ke3 Kf6 49. Ke4 Kg6 50. Ke5 h5 51. Bf5+ Kf7 52. Be6+ Kg6 53. Bf5+ Kf7 54. Be6+ Kg6 55. Bd5 Kg7 56. Bc4 Kg6 57. Bd3+ Kg7 58. Bc2 Kf7 59. Ke4 Kf6 60. Bb3 Kg6 61. Ke5 Kg7 62. Ke6 Kg6 63. Bc2+ Kg7 64. Bd3 Kg8 65. Bc2 Kg7 66. Ke7 Kh6 67. Be4 Kg7 68. Ke6 Kg8 69. Bf5 Kh8 70. Kf7 g4 71. h4 g3 72. Bh3 Kh7 73. Bg2 Kh8 74. Bf3 g2 75. Bxg2 Kh7 76. Kf8 Kh8 77. Bf3 Kh7 78. Bxh5 Kh8 79. Bg4 Kh7 80. h5 Kh8 81. Kf7 Kh7 82. Bf5+ Kh8 83. Kg6 Kg8 84. h6 Kh8 85. h7 1/2-1/2